000 00708cam a2200265 4500
008 090401t1996 xxu||||| |||| 00| 0 eng d
020 _a027362685X
035 _a(Sirsi) u88256
041 _aeng
050 _a332.64
100 _aGough, Leo
245 _aInvestor`s guide : how the stock market really works : the guerrilla investor`s secret handbook.
250 _a2nd ed.
260 _aLondon
_bFinancial Times Pitman Publishing
_c1996
300 _axv,272p. ; 24cm.
350 _a20.99
650 _aBONDS
650 _aCOMMODITIES
650 _aInvestments
_96250
650 _aLLOYDS OF LONDON
650 _aSHARES
650 _aSTOCK EXCHANGE
942 _n0
948 _c03/09/1998
999 _c97309
_d97309